2019 AFL captains quiz - Statistics

General Stats
  • This quiz has been taken 1,035 times
  • The average score is 10 of 18
Answer Stats
Hint Answer % Correct
Carlton Patrick Cripps/Sam Docherty
86%
Adelaide Taylor Walker/Rory Sloane
85%
Geelong Joel Selwood
83%
Collingwood Scott Pendlebury
81%
Brisbane Dayne Zorko
79%
Fremantle Nathan Fyfe
78%
Essendon Dyson Heppell
70%
Richmond Trent Cotchin
68%
Melbourne Nathan Jones/Jack Viney
56%
Gold Coast David Swallow/Jarrod Witts
55%
GWS Callan Ward/Phil Davis
54%
Sydney Josh Kennedy/Dane Rampe
43%
Port Adelaide Ollie Wines/Tom Jonas
43%
West Coast Shannon Hurn
38%
North Melbourne Jack Ziebell
37%
Hawthorn Ben Stratton
26%
St Kilda Jarryn Geary
26%
Western Bulldogs Eastern Wood
25%
No matching quizzes found
Score Distribution
Percent of People with Each Score
Percentile by Number Answered
Your Score History
You have not taken this quiz